|
|
|
|
| LEADER |
00000cas a2200000 a 4500 |
| 001 |
vtls010600224 |
| 003 |
SK-MaSNL |
| 005 |
20260228163450.0 |
| 008 |
140530d18911891xo ar 0 b0hun |
| 040 |
|
|
|a SNK
|b slo
|c SNK
|
| 041 |
0 |
|
|a hun
|
| 043 |
|
|
|a e-xo---
|
| 044 |
|
|
|a xo
|c SK
|
| 072 |
|
7 |
|a 373.5/.6
|x Stredné školy
|2 konspekt
|
| 080 |
|
|
|a 373.5
|2 2011
|
| 080 |
|
|
|a 050
|2 2011
|
| 080 |
|
|
|a (047.1)
|2 2011
|
| 080 |
|
|
|a (437.6)
|2 2011
|
| 245 |
0 |
0 |
|a Katholikus Gymnásiumának Értésítője
|
| 260 |
|
|
|a Komárom
|b Ziegler Károly Könyvnyomdája
|c [1891]
|
| 300 |
|
|
|a zv.
|
| 310 |
|
|
|a 1x ročne
|
| 362 |
0 |
|
|a [1890/91]
|
| 650 |
0 |
7 |
|a gymnáziá
|2 SNKPH
|9 16386
|
| 651 |
|
7 |
|a Komárno (Slovensko)
|2 SNKPHgeo
|9 39168
|
| 655 |
|
7 |
|a výročné správy
|2 SNKPH
|9 70580
|
| 752 |
|
|
|a Slovensko
|d Komárno
|
| 910 |
|
|
|a snk
|
| 999 |
|
|
|c 9475
|d 11405
|
| 952 |
|
|
|0 0
|1 0
|4 0
|7 0
|8 5
|a SNK
|b SNK
|d 2014-05-30
|i snkF 5393/79
|l 0
|o snkČSC 762/1890-1891
|p 17A0843814
|r 2026-02-21 21:14:24
|w 2026-02-21
|y PREZ
|